• 首页
  • 本馆介绍
  • 公告通知
  • 最新文献
  • 馆藏检索
  • 电子资源
  • 读者导购
  • 参考咨询
  • 我的图书馆
  • 登录
  • 详细信息显示
  • 放入我的书架
  • 预约/预借图书
  • 作者相关作品
  • 分类相关作品
  • 丛书相关作品
  • 出版社相关作品

书目信息

  • 表格格式
  • 工作单格式
  • 卡片格式
题名:
基辛格的总构想
    
 
作者: 纳特 著 ;齐沛合 译
分册:  
出版信息: 北京   商务印书馆  1976
页数: 154页
开本: 19cm
丛书名:
单 册:
中图分类: D871.20 , D771
科图分类:
主题词: 美国对外政策--现代 , 政治
电子资源:
ISBN:
000 00667nam0 2200253 450
001 1553767430
005 20150126145826.87
010    @dCNY0.49
091    @a3017.201
100    @a19950717d1976 emky0chiy0110 ea
101 1  @achi@ceng
102    @aCN@b110000
105    @ay z 000yy
200 1  @a基辛格的总构想@9ji xin ge de zong gou xiang@f(美)G.W.纳特著@g齐沛合译
210    @a北京@c商务印书馆@d1976
215    @a154页@d19cm
606 0  @a美国对外政策@z现代
606 0  @a政治
690    @aD871.20@v5
690    @aD771@v4
701  1 @a纳特@9na te@bG.W.@4著
702  0 @a齐沛合@9qi pei he@4译
801  0 @aCN@bTSSF@c20150126
905    @aZUCC@dD771@eJY68
    
    基辛格的总构想/(美)G.W.纳特著/齐沛合译.-北京:商务印书馆,1976
    154页;19cm
    
    
    ISBN :CNY0.49
    
●
相关链接 在E读中查询图书 在五车中查询图书 在当当中查询图书 在豆瓣中查询图书


正题名:基辛格的总构想     索取号:D771/JY68         预约/预借

序号 登录号 条形码 馆藏地/架位号 状态 备注
1 7838534   278385347   学院路分馆/ [索取号:D771/JY68] 在馆    
2 7861393   278613939   学院路分馆/ [索取号:D771/JY68] 在馆    
唐山师范学院图书馆 欢迎您!
大连网信软件有限公司© 版权所有